Gotter und Menschen im Rollsiegel Westasiens /

محفوظ في:

المؤلف الرئيسي: Forman, Werner (مؤلف)

مؤلف مشترك: British Museum. Department of Western Asiatic Antiquities

مؤلفون آخرون: Wiseman, D. J.

التنسيق: كتاب

اللغة: German

منشور في: Prague : Artia, c1958.

الموضوعات:

الوسوم: إضافة وسم

لا توجد وسوم, كن أول من يضع وسما على هذه التسجيلة!

رقم الطلب: CD5348 .W8 1958

LEADER 00785namaa2200241 4500
001 22083
003 OSt
005 20251104140240.0
008 130303s1958 cs a b 000 0 ger d
040 |c ARCE Library 
050 4 |a CD5348 .W8 1958 
100 1 |a Forman, Werner,  |e author 
245 1 0 |a Gotter und Menschen im Rollsiegel Westasiens /   |c text, D.J. Wiseman ; Lichtbilder,W.u.B. Forman, Deutsch, G. Solar. 
264 1 |a Prague :   |b Artia,   |c c1958. 
300 |a 52 pages, 118 plates :   |b illustration ;  |c 21 cm. 
504 |a Bibliography : pages 51-52. 
555 |a Sara.lib 
650 0 |a Cylinder seals. 
700 1 |a Wiseman, D. J.  |q (Donald John) 
710 2 |a British Museum.  |b Department of Western Asiatic Antiquities 
901 |a reviewed 
942 |c BK  |2 lcc 
999 |c 20687  |d 20687